000
00222 a2200085 4500
020
_a
9783836560108
100
_a
Louna Lahti
245
_a
Alvar Aalto: Paradise for the Man in the Street
260
_b
Taschen America Llc
_c
2015
999
_c
13377
_d
13377